Thrive on strees : (Record no. 131885)
[ view plain ]
| 000 -LEADER | |
|---|---|
| fixed length control field | 00706nam a22002297a 4500 |
| 005 - DATE AND TIME OF LATEST TRANSACTION | |
| control field | 20170124110144.0 |
| 010 ## - LIBRARY OF CONGRESS CONTROL NUMBER | |
| LC control number | 861951 |
| 020 ## - INTERNATIONAL STANDARD BOOK NUMBER | |
| Terms of availability | 00.00 |
| International Standard Book Number | 0285622528 |
| 035 ## - SYSTEM CONTROL NUMBER | |
| System control number | 861951 |
| 037 ## - SOURCE OF ACQUISITION | |
| Source of stock number/acquisition | Cen Lib/Ret |
| 040 ## - CATALOGING SOURCE | |
| Original cataloging agency | DPL |
| Language of cataloging | EN |
| 082 ## - DEWEY DECIMAL CLASSIFICATION NUMBER | |
| Classification number | 150.13 |
| Item number | SHA |
| 100 ## - MAIN ENTRY--PERSONAL NAME | |
| Personal name | Sharpe, Robert |
| 9 (RLIN) | 33104 |
| 245 ## - TITLE STATEMENT | |
| Title | Thrive on strees : |
| Statement of responsibility, etc | by Robert Sharpe [and] David Lewis |
| Remainder of title | how to make it work to your advantage / |
| 260 ## - PUBLICATION, DISTRIBUTION, ETC. (IMPRINT) | |
| Place of publication, distribution, etc | London |
| Name of publisher, distributor, etc | Souvenir Press |
| Date of publication, distribution, etc | 1977 |
| 270 ## - ADDRESS | |
| City | London |
| Address | 43 great russell street |
| 300 ## - PHYSICAL DESCRIPTION | |
| Extent | 339p. |
| Dimensions | 21cm(Hb) |
| 650 ## - SUBJECT ADDED ENTRY--TOPICAL TERM | |
| Topical term or geographic name as entry element | Stress (Psychology) |
| 9 (RLIN) | 33105 |
| 650 ## - SUBJECT ADDED ENTRY--TOPICAL TERM | |
| Topical term or geographic name as entry element | Stress management |
| 9 (RLIN) | 33106 |
| 700 ## - ADDED ENTRY--PERSONAL NAME | |
| Personal name | Lewis, David |
| 9 (RLIN) | 33107 |
| 942 ## - ADDED ENTRY ELEMENTS (KOHA) | |
| Source of classification or shelving scheme | Dewey Decimal Classification |
| Koha item type | English Books |
| Classification part | 150.13 |
| Call number suffix | SHA |
| Withdrawn status | Lost status | Damaged status | Not for loan | Home library | Current library | Date acquired | Source of acquisition | Cost, normal purchase price | Total Checkouts | Full call number | Barcode | Date last seen | Copy number | Cost, replacement price | Price effective from | Koha item type |
|---|---|---|---|---|---|---|---|---|---|---|---|---|---|---|---|---|
| Central Library | Central Library | 16/07/2015 | Cen Lib/Ret | 0.00 | 150.13 SHA | 861951 | 16/07/2015 | 1 | 0.00 | 16/07/2015 | English Books |
